00721cam a22002173a 45000010005000000030006000050050017000110080041000280400015000690420007000840500007000911000020000982450100001182600029002185060073002475160020003206530047003406530047003878300028004348560041004623222PGUSA20140828083027.0020501s2002||||xxu|||||s|||||000 | eng d aPGUSAbeng adc 4aPE1 aHonig, Winfried10aMr. Honey's Correspondence Dictionary (German-English)h[electronic resource] /cWinfried Honig bProject Gutenberg,c2002 aCopyrighted. Read the copyright notice inside this book for details. aElectronic text aEnglish language -- Dictionaries -- German aGerman language -- Dictionaries -- English 0aProject Gutenbergv322240uhttp://www.gutenberg.org/ebooks/3222